| 000 | 00643cam a22002413a 4500 | ||
|---|---|---|---|
| 001 | 24004 | ||
| 003 | PGUSA | ||
| 005 | 20140828083519.0 | ||
| 008 | 071224s2007||||xxu|||||s|||||000 | eng d | ||
| 040 |
_aPGUSA _beng |
||
| 042 | _adc | ||
| 050 | 4 | _aPL | |
| 100 | 1 |
_aGuan, Hanqing, _d1210-1298 |
|
| 245 | 1 | 0 |
_a竇娥寃 _h[electronic resource] / _cHanqing Guan |
| 260 |
_bProject Gutenberg, _c2007 |
||
| 506 | _aPublic domain in the USA. | ||
| 516 | _aElectronic text | ||
| 653 | _aChinese drama (Tragedy) | ||
| 740 | 0 | _aDou E Yuan | |
| 830 | 0 |
_aProject Gutenberg _v24004 |
|
| 856 | 4 | 0 | _uhttp://www.gutenberg.org/ebooks/24004 |
| 942 | _cEB | ||
| 999 |
_c253259 _d253259 |
||